MARC

LEADER 00000nam0a2200000 4500
001 301197
005 20231102001358.0
020 |a RU  |b 81-17348 
035 |a (RuTPU)RU\TPU\book\326369 
090 |a 301197 
100 |a 20150727d1981 m y0rusy5003 ca 
101 0 |a rus 
102 |a RU 
105 |a a j 001zy 
200 1 |a Методы математической теории упругости  |e учебное пособие для университетов  |f В. З. Партон, П. И. Перлин 
210 |a Москва  |c Наука  |d 1981 
215 |a 688 с.  |c ил. 
320 |a Библиогр.: с. 674-685 
320 |a Имен. указ.: с. 686-688 
606 1 |a Упругость, теория  |x Математические методы  |2 stltpush  |3 (RuTPU)RU\TPU\subj\63149  |9 80193 
610 1 |a учебные пособия 
610 1 |a основные задачи 
610 1 |a разделение переменных 
610 1 |a двумерные задачи 
610 1 |a аналитические функции 
610 1 |a применение 
610 1 |a интегральные преобразования 
610 1 |a интегральные представления 
610 1 |a метод потенциалов 
610 1 |a вариационные методы 
610 1 |a разностные методы 
610 1 |a учебные пособия 
675 |a 539.3:51(075.8)  |z rus  |v 3 
700 1 |a Партон  |b В. З.  |g Владимир Залманович  |4 070 
701 1 |a Перлин  |b П. И.  |g Петр Ильич  |4 070 
801 0 |a RU  |b RuMRKP  |c 19950704  |g psbo 
801 1 |a RU  |b 63413507  |c 20150727 
801 2 |a RU  |b 63413507  |c 20191028  |g RCR 
942 |c BK